Beatles Number Ones - Statistics

General Stats
  • This quiz has been taken 34 times
  • The average score is 13 of 20
Answer Stats
B-Side (Year) Year Single % Correct
Things We Said Today 1964 A Hard Day's Night
86%
I'm Down 1965 Help
82%
This Boy 1963 I Want To Hold Your Hand
82%
Revolution 1968 Hey Jude
79%
I'll Get You 1963 She Loves You
75%
Baby You're a Rich Man 1967 All You Need Is Love
71%
You Can't Do That 1964 Can't Buy Me Love
68%
Double A-side 1965 Day Tripper
68%
Don't Let Me Down 1969 Get Back
68%
She's A Woman 1964 I Feel Fine
68%
Rain 1966 Paperback Writer
68%
Double A-side 1965 We Can Work It Out
68%
Double A-side 1966 Eleanor Rigby
64%
Thank You Girl 1963 From Me To You
61%
Yes It Is 1965 Ticket To Ride
61%
Double A-side 1966 Yellow Submarine
61%
I am the Walrus 1967 Hello, Goodbye
54%
The Inner Light 1968 Lady Madonna
54%
Love Me Do 2023 Now And Then
54%
Old Brown Shoe 1969 The Ballad of John and Yoko
50%
No matching quizzes found
Score Distribution
Percent of People with Each Score
Percentile by Number Answered
Your Score History
You have not taken this quiz